Borders - Country Borders - True or False #3 - Statistics

General Stats
  • This quiz has been taken 38 times
  • The average score is 14 of 15
Answer Stats
Question Answer % Correct
Brazil and Ecuador False
100%
Equatorial Guinea and Guinea-Bissau False
100%
Lesotho and Mozambique False
100%
Cameroon and Comoros False
100%
Nepal and Bhutan False
100%
Mongolia and Kazakhstan False
100%
Saudi Arabia and Qatar True
100%
China and Afghanistan True
100%
Guinea-Bissau and Guinea True
100%
eSwatini and Mozambique True
100%
Niger and Nigeria True
100%
Guatemala and Nicaragua False
80%
Equatorial Guinea and Guinea False
80%
Mexico and Belize True
80%
France and the Netherlands True
20%
No matching quizzes found
Score Distribution
Percent of People with Each Score
Percentile by Number Answered
Your Score History
You have not taken this quiz